| 000 | 00553nam a2200193 a 4500 | ||
|---|---|---|---|
| 005 | 20221110063755.0 | ||
| 008 | 020423s1995 ea r 000 0 eng d | ||
| 020 | _a002897297X | ||
| 035 | _aUPN01000117045 | ||
| 049 | _aC | ||
| 050 | 4 |
_aHV1568 _bE6.3 |
|
| 245 | 0 | 0 |
_aEncyclopedia of disability and rehabilitation / _ced. Arthur E. Dell Orto. |
| 260 |
_aNew York : _bMacmillan, _cc1995. |
||
| 300 | _axxiv, 820 p. | ||
| 650 | 4 | _aPERSONAS CON DISCAPACIDAD | |
| 650 | 2 |
_aRehabilitación _94997 |
|
| 700 | 1 |
_aDell Orto, Arthur E., _eed. |
|
| 905 | _aLibro | ||
| 999 |
_c89673 _d89673 |
||